Kraj po podpowiedzi - Statystyki

Ogólne statystyki
  • Ten quiz został rozwiązany 52 razy
    20 od ostatniego zresetowania
  • Średni wynik to 14 z 18
Statystyki odpowiedzi
Podpowiedź Kraj % Poprawnych
Jest w nim miasto "Hamburg" Niemcy
100%
Jedyne państwo na O Oman
100%
Największy kraj na świecie Rosja
100%
Państwa które teraz prowadzą wojne Rosja/Ukraina
100%
Państwo w którym Jest najwięcej Mcdonalds Stany zjednoczone
100%
Największe państwo na oceanii Australia
94%
Państwa najbardziej górzyste Chiny/Nepal
94%
Jego stolica to "Rabat" Maroko
94%
Najmniejsze państwo na świecie Watykan
94%
Pupuralne na wakacje Malediwy/Hiszpania/Włochy/Grecja/Malta/Seszele/Tajlandia
88%
Państwo afrykańskie które ma największą liczbe ludności Nigeria
88%
Państwo które ma największą liczbe wojska Chiny
81%
Kraj który europejski który Ma kilka języków Szwajcaria/Luksemburg
81%
Stworzono tam pokemony Japonia
69%
Największe państwo bez wojska Andora
25%
Flaga tego państwa ma Ludzi Belize
25%
Jest w nim miasto Hum Chorwacja
25%
Najbardziej kółkowy kontur kraju na świecie Sierra leone
19%
Nie znaleziono quizów pasujących do podanych kryteriów
Rozkład punktacji
Procent ludzi z każdym wynikiem
Percentyl według liczby udzielonych odpowiedzi
Twoja historia wyników
Nie rozwiązałeś tego quizu od ostatniego zresetowania